Исследование топлива, получаемого на основе цеолитовой технологии утилизации нефтеразливов; Современные техника и технологии; Т. 1

Bibliographische Detailangaben
Parent link:Современные техника и технологии: X Юбилейная международная научно-практическая конференция студентов, аспирантов и молодых ученых, посвященная 400-летию г. Томска, Томск, 29 марта - 2 апреля 2004 г./ Томский политехнический университет.— , 2004
Т. 1.— 2004.— С. 45-46
1. Verfasser: Буваков К. В. Константин Владимирович
Weitere Verfasser: Мелимук В. В., Пинчук Ю. Ю.
Sprache:Russisch
Veröffentlicht: 2004
Schlagworte:
Format: MixedMaterials Buchkapitel
KOHA link:https://koha.lib.tpu.ru/cgi-bin/koha/opac-detail.pl?biblionumber=182931

MARC

LEADER 00000naa2a2200000 4500
001 182931
005 20251205095032.0
035 |a (RuTPU)RU\TPU\book\198300 
090 |a 182931 
100 |a 20100629d2004 k y0rusy50 ca 
101 0 |a rus 
102 |a RU 
200 1 |a Исследование топлива, получаемого на основе цеолитовой технологии утилизации нефтеразливов  |f К. В. Буваков, В. В. Мелимук, Ю. Ю. Пинчук 
320 |a Библиогр.: 4 назв. 
461 1 |0 (RuTPU)RU\TPU\book\66154  |t Современные техника и технологии  |o X Юбилейная международная научно-практическая конференция студентов, аспирантов и молодых ученых, посвященная 400-летию г. Томска, Томск, 29 марта - 2 апреля 2004 г.  |o труды  |f Томский политехнический университет  |d 2004 
463 0 |0 (RuTPU)RU\TPU\book\65882  |t Т. 1  |v С. 45-46  |d 2004 
610 1 |a топливо 
610 1 |a исследование 
610 1 |a нефтеразливы 
610 1 |a разливы 
610 1 |a нефть 
610 1 |a утилизация 
610 1 |a цеолиты 
610 1 |a технологии 
610 1 |a поглощение 
610 1 |a теплотехнические характеристики 
610 1 |a труды учёных ТПУ 
700 1 |a Буваков  |b К. В.  |c специалист в области теплотехники  |c доцент Томского политехнического университета, кандидат технических наук  |f 1977-  |g Константин Владимирович  |3 (RuTPU)RU\TPU\pers\26023  |9 11870 
701 1 |a Мелимук  |b В. В. 
701 1 |a Пинчук  |b Ю. Ю. 
801 1 |a RU  |b 63413507  |c 20100629 
801 2 |a RU  |b 63413507  |c 20140329  |g RCR 
942 |c BK